000 00691nam a2200289Ia 4500
005 20260324135108.0
008 008 260324s9999 xx 000 0 eng d
020 _a9781003576648
037 _aEBOOK
040 _aCRL
040 _beng
040 _cCRL
041 _2eng
041 _aeng
084 _qCRL
100 _aSerena Liu
_91199320
245 4 _aThe Autonomous State of Childcare
245 0 _bPolicy and the Policy Process in Britain
260 _bTaylor and Francis
260 _c2001
365 _a
365 _b98.99
856 _uhttp://www.taylorfrancis.com/books/9781003576648
942 _cEBOOK
999 _c1800048
_d1800048